Cruzados, aztecas, samurais: del 600 al 1400 d.c
Bewaard in:
| Hoofdauteur: | |
|---|---|
| Formaat: | Boek |
| Taal: | Spaans |
| Gepubliceerd in: |
Madrid
Plesa
1978
|
| Reeks: | Historia ilustrada del mundo: para niños, 4
|
| Onderwerpen: | |
| Tags: |
Voeg label toe
Geen labels, Wees de eerste die dit record labelt!
|
MARC
| LEADER | 00000nam a2200000 a 4500 | ||
|---|---|---|---|
| 001 | UCH7162 | ||
| 003 | CL-VaPUC | ||
| 008 | 091109e19780000SP |||||||||||||||||spa|d | ||
| 020 | |a 8473740629 | ||
| 082 | 0 | 4 | |a 909.1 |b MIL |2 21 |
| 100 | |a Millard, Anne |e autora |9 543590 | ||
| 245 | 1 | 0 | |a Cruzados, aztecas, samurais: del 600 al 1400 d.c |
| 300 | |a 32 p | ||
| 942 | |c BK | ||
| 945 | |d 20091109 00:00:00 |a ccalabra | ||
| 260 | |a Madrid |b Plesa |c 1978 | ||
| 650 | 0 | |a Historia universal |9 266877 | |
| 650 | 7 | |a HISTORIA DEL HOMBRE |2 CL-VaPUC |9 484851 | |
| 650 | 0 | |a Pueblos indígenas |9 357564 | |
| 650 | 0 | |a Edad media |9 258041 | |
| 650 | 0 | |a Costumbres y tradiciones |9 268292 | |
| 650 | 0 | |a Antropología |9 233030 | |
| 651 | 0 | |a Europa |9 255156 | |
| 651 | 0 | |a China |9 257545 | |
| 651 | 0 | |a Japón |9 260391 | |
| 651 | 0 | |a México |9 255269 | |
| 651 | 7 | |a ARABIA |2 CL-VaPUC |9 334867 | |
| 583 | |a last modification |c 20091109 00:00:00 |k Rodrigo Vera | ||
| 490 | 0 | |a Historia ilustrada del mundo: para niños, 4 | |
| 999 | |c 337847 |d 337845 | ||